| 000 | 01779nam a2200373 c 4500 | ||
|---|---|---|---|
| 999 |
_c4553 _d4553 |
||
| 003 | BLK | ||
| 005 | 20210203113329.0 | ||
| 008 | 180412b bul|||||r ||||||| ||bul|| | ||
| 010 | _aKNG00005696000 | ||
| 020 | _a954-621-004-8 | ||
| 040 | _aBLK | ||
| 041 |
_aBUL _cBUL |
||
| 080 |
_aВътрешни болести _b616.1/.4 _x(075.8) _z616.1/.4(075.8) |
||
| 139 |
_aВътрешни болести _bВ 98 |
||
| 245 | 1 | 0 |
_aВътрешни болести _bУчебник за студенти по медицина : Т. 1 - _cпод ред. на Чудомир Кирилов Начев; авт. на том Божко Божков; под ред. на на том Николай Беловеждов. _nТ. 4 _pТерапия на вътрешните болести |
| 257 | _aBGR | ||
| 260 |
_bФонд. за мед. изследвания Проф. д-р С. Киркович _c1993 - _aСт. Загора |
||
| 300 | _c30 см | ||
| 380 | _a61 | ||
| 500 | _aОфс. изд. | ||
| 650 | 4 |
_aВътрешни болести - учебници за ВУЗ _9244372 |
|
| 653 | _aболести | ||
| 653 | _aвътрешни болести | ||
| 653 | _aтерапия | ||
| 700 | 1 |
_aНачев, Чудомир Кирилов _eпод ред. на _9245190 |
|
| 700 | 1 |
_aБожков, Божко _eавт. на том _9248826 |
|
| 700 | 1 |
_aБеловеждов, Николай _eпод ред. на на том _9248827 |
|
| 760 | 1 |
_dЗнание, 1994 _h256 с. : порт. _tТ. 4 Терапия на вътрешните болести |
|
| 852 | _aЦб ІІ 8148 | ||
| 856 | 4 |
_qpdf _u |
|
| 856 | 4 |
_qpdf _u |
|
| 942 |
_cKNG _n0 _02 _s1 |
||
| 944 |
_aCR _c15.01.2003 _kКети_Илиева |
||
| 944 |
_aED _c25.01.2013 |
||
| 999 | _d4553 | ||